00911 2200325 4500001002100000005001500021035002500036007000300061008004100064020002200105040001700127082001500144084001700159090002100176090002200197100002200219245008100241260003300322300003700355650002300392700002400415850001200439999002200451990002200473990001700495990001700512990002200529990001700551990001700568INLIS00000000000842520200623115256 a0010-071500000001108ta150730s2014 yoia g ind d a978-979-29-4369-6 aYOPDYOGbind04222a028.55 a028.55 NAS b aDEP 028.55 NAS b aCB-D.11 2014-15090 aNasri Alam Rifani00aBerani yuk! minum obat /cNasri Alam Rifani; penyunting, Sisilia Triana Dewi3 aYogyakarta :bRainbow,c2014 a25 halaman :bilustrasi ;c19 cm 4aBacaan kanak-kanak0 aSisilia Triana Dewi aYOPDYOG aCB-D.11/2014-1509 aCB-D.11/2014-1509 a3277-KS/B.15 a3278-KS/B.15 aCB-D.11/2014-1509 a3277-KS/B.15 a3278-KS/B.15